| 000 | 01194nam a2200289 4500 | ||
|---|---|---|---|
| 001 | 0000020061 | ||
| 003 | CO-CtgCURN | ||
| 005 | 20250828152808.0 | ||
| 008 | 160627s1997 000 0 eng d | ||
| 020 | _a8472485005 | ||
| 040 |
_aCO-CtgCURN _bspa _ccoctgcurn |
||
| 082 | 0 |
_a346.024 _bH19c |
|
| 100 | 1 | _aHaza Díaz, Pilar de la. | |
| 245 | 1 | 3 |
_aEl contrato de viaje combinado : _bla responsabilidad de las agencias de viajes / _cPilar de la Haza Díaz. |
| 260 |
_aMadrid : _bMarcial Pons, _c1997. |
||
| 300 | _a305 p. | ||
| 336 | _2rdacontent | ||
| 337 |
_2rdamedia _asin mediacion _bn |
||
| 338 |
_2rdacarrier _avolumen _bnc |
||
| 500 | _aIncluye Anexos. | ||
| 504 | _aBibliografia (p. 295-299) | ||
| 505 | 8 | _aAntecedentes normativos del contrato de viaje combinado.--Ley 21/1995 de 6 de Julio:ambito de aplicacion.--Contenido obligacional:derecho del consumidor-turista.--Derechos de las partes y extincion del contrato tras la firma del contratos y antes del inicio del viaje | |
| 650 | 0 |
_aContratos de servicio _vLegislacion _zEspaña. |
|
| 908 | _a160627 | ||
| 942 |
_cBK _h346.024 _iH19c _2ddc |
||
| 999 |
_c49724 _d49724 _x1 |
||